Statistics for Video Games General Knowledge True or False #2

Click here to take the quiz!

General Stats

  • This quiz has been taken 21 times
  • The average score is 11 of 20

Answer Stats

QuestionAnswer% Correct
The cheat codes in 'Heroes of Might & Magic III' are references to the movie 'The Matrix'.True
78%
If you finish the campaign in 'Guitar Hero III: Legends of Rock' you unlock certain characters based on the console you play on: Kratos on the Playstation 3 and Master Chief on the Xbox 360.False
72%
You can turn a Horse to a Pegasus in 'Minecraft' with enough sugar.False
72%
'Mortal Kombat: Armageddon' has the biggest roster of characters in the entire game series, with 62 characters to play.True
72%
'FarCry' got its name because the first game was developed on the CryEngine.True
67%
Joel and Ellie's last names in 'The Last of Us' are mentioned only in the Japanese version of the Game Manual.True
67%
Some enemies will trigger the 'Wilhelm Scream' when they die in 'Red Dead Redemption'.True
67%
The Crystal Crawlers in 'Hollow Knight' use the same crawling sound as the Gold Skultullas in 'The Legend of Zelda: Ocarina of Time'.True
56%
Adolf Hitler appears as a villain in the 'Persona' series.True
56%
You can change the announcer in 'DotA 2' to Jack Black by linking your account to his website.False
50%
In the original 'Tomb Raider', Lara doesn't kill a single human.False
50%
Every Romance Dance in 'Viva Pinata' is based on a dance from a movie.False
50%
'Yakuza's primary district, Kamurocho, is based on a real life district in japan called Kabukicho.True
50%
'Spyro The Dragon' is the first game to have the Big Head Mode code.True
44%
The narrator in 'Majesty' shares the same voice actor with Karim in 'Dying Light.True
44%
Initially in 'Halo', Master Chief was designed to be wearing a transparent mask, much like astronauts.False
39%
Ratchet's mother in 'Ratchet & Clank' died guarding the Dimensionator.False
39%
'Bayonetta's joke difficulty, Very Easy mode, consists of only the cutscenes.False
39%
'Unreal Tournament's famous Monster Kill announcement is changed in China to Cool Kill for sounding too gory.False
33%
With a specific sequence of entering rooms in 'Dark Souls 2' you can enter a mockup of the studio of the developers ingame as an easter egg.False
33%

Score Distribution

Percentile by Number Answered

Percent of People with Each Score

Your Score History

You have not taken this quiz